00218nam a22001097a 450000500170000000800410001701000100005801100100006803500100007824500090008826000110009720220127140514.0040317d2001 mx r 00110 spa d a88178 a89150 a996990 c/por a:c199